Guess the 1970s song lyrics #116 - Statistics

General Stats
  • This quiz has been taken 23 times
  • The average score is 139 of 214
Answer Stats
Answer % Correct
I
100%
a
95%
and
95%
And
95%
be
95%
it
95%
It
95%
the
95%
The
95%
you
95%
You
95%
why
90%
can
86%
don't
86%
Don't
86%
for
86%
me
86%
no
86%
of
86%
so
86%
time
86%
to
86%
from
81%
in
81%
is
81%
know
81%
that
81%
your
81%
Your
81%
get
76%
got
76%
Have
76%
It's
76%
it's
76%
love
76%
now
76%
Now
76%
are
71%
come
71%
Come
71%
Oh
71%
oh
71%
this
71%
want
71%
won't
71%
all
67%
but
67%
But
67%
day
67%
how
67%
if
67%
one
67%
senses
67%
tell
67%
best
62%
can't
62%
just
62%
night
62%
some
62%
things
62%
you're
62%
You're
62%
You've
62%
been
57%
Desperado
57%
down
57%
fences
57%
goes
57%
long
57%
only
57%
out
57%
These
57%
well
57%
always
52%
away
52%
Away
52%
beat
52%
feelin
52%
hard
52%
hearts
52%
queen
52%
seems
52%
she's
52%
that's
52%
They're
52%
able
48%
boy
48%
diamonds
48%
fine
48%
laid
48%
people
48%
She'll
48%
sun
48%
table
48%
through
48%
too
48%
alone
43%
before
43%
bet
43%
feet
43%
home
43%
late
43%
ones
43%
ridin
43%
shine
43%
upon
43%
cold
38%
draw
38%
drivin
38%
hurt
38%
let
38%
Let
38%
may
38%
reasons
38%
sky
38%
somehow
38%
winter
38%
ain't
33%
Ain't
33%
better
33%
funny
33%
highs
33%
hunger
33%
lows
33%
open
33%
pain
33%
somebody
33%
talkin
33%
there's
33%
walkin
33%
world
33%
above
29%
gate
29%
gettin
29%
pleasin
29%
prison
29%
snow
29%
younger
29%
freedom
24%
losin
24%
rainin
24%
rainbow
19%
whoa
19%
No matching quizzes found
Score Distribution
Percent of People with Each Score
Percentile by Number Answered
Your Score History
You have not taken this quiz